| 000 | 00636cam a2200205 4500 | ||
|---|---|---|---|
| 001 | WB3602-16 | ||
| 008 | 000000n2000 000 0 eng u | ||
| 035 | _a(Sirsi) u103576 | ||
| 245 | _aHousing approvals | ||
| 260 | _c2000 | ||
| 490 |
_aConstruction News _v(6647) & January 2000, 5(1) |
||
| 520 | _aA survey by Glenigan shows that approvals for major housing developments during 1999 remained static, despite a rise in demand. Map. | ||
| 590 | _aWB | ||
| 650 | _aHOUSING DEVELOPMENT | ||
| 650 | _aPLANNING APPROVALS | ||
| 650 | _aHOUSE BUILDERS | ||
| 650 | _aHOUSING SCHEMES | ||
| 690 | _aHOUSING-DEVELOPMENT | ||
| 942 | _n0 | ||
| 999 |
_c62214 _d62214 |
||